|
|
|
|
| LEADER |
01470nam a22003017a 4500 |
| 001 |
34917 |
| 003 |
BD-DhAAL |
| 005 |
20241101193209.0 |
| 008 |
190724t2017 bg ||||| |||| 00| 0 ben d |
| 020 |
|
|
|a 9789849140146
|
| 040 |
|
|
|a BD-DhAAL
|c BD-DhAAL
|
| 041 |
|
|
|a ben
|
| 082 |
|
|
|a 891.551
|2 20
|
| 100 |
|
|
|a ওমর খৈয়াম.
|9 57103
|
| 245 |
|
|
|a রুবাইয়াৎ-ই-ওমর খৈয়াম /
|c অনুবাদক, কাজী নজরুল ইসলাম.
|
| 246 |
|
|
|a Rubaiyat-E-Omar Khayyam
|
| 260 |
|
|
|a ঢাকা :
|b স্টুডেন্ট ওয়েজ,
|c ২০১৭, ২০২২.
|
| 300 |
|
|
|a Unnumbered pages ;
|c ২২ সে.মি.
|
| 526 |
|
|
|a GenEd (Residential Campus)
|
| 541 |
|
|
|a Development Book Agency
|e 34917, 40797
|
| 650 |
|
|
|a Persian poetry.
|9 33108
|
| 650 |
|
|
|a Persian poetry
|x Translations into Bengali.
|9 33109
|
| 700 |
|
|
|a নজরুল ইসলাম,
|c কাজী,
|d ১৮৯৯-১৯৭৬.
|9 53229
|
| 852 |
|
|
|a Savar Campus Library
|b General Stacks
|
| 942 |
|
|
|2 ddc
|c BK
|
| 999 |
|
|
|c 40988
|d 40988
|
| 952 |
|
|
|0 0
|1 0
|2 ddc
|4 0
|6 891_551000000000000_OMA
|7 0
|9 65763
|a SCL
|b SCL
|c GEN
|d 2019-07-17
|e Development Book Agency
|g 176.00
|l 2
|m 3
|o 891.551 OMA
|p 3020034917
|r 2024-07-15
|s 2023-06-14
|t 1
|v 176.00
|w 2019-07-17
|y BK
|
| 952 |
|
|
|0 0
|1 0
|2 ddc
|4 0
|6 891_551000000000000_OMA
|7 0
|9 72961
|a SCL
|b SCL
|c GEN
|d 2023-01-15
|e Development Book Agency
|g 176.00
|l 0
|o 891.551 OMA
|p 3020040797
|r 2023-01-15
|t 2
|v 176.00
|w 2023-01-15
|y BK
|